| 000 | 00853nam a22002057a 4500 | ||
|---|---|---|---|
| 999 |
_c19143 _d19143 |
||
| 003 | AR-CdUCM | ||
| 008 | 190516b ||||| |||| 00| 0 spa d | ||
| 040 |
_aMUNICIPALIDAD PROVINCIAL DEL CUSCO _cBIBLIOTECA MUNICIPAL DEL CUSCO |
||
| 082 |
_a330.8 / _bK22 |
||
| 100 |
_aKapp, K. William _940315 |
||
| 245 | _aLos costos sociales de la empresa privada / | ||
| 260 |
_aBarcelona : _bOikos-tau, _c1963. |
||
| 300 |
_a317 páginas ; _c22 cm. |
||
| 505 | _aContenido: Análisis económico y costes sociales -- Naturaleza y significado de los costes sociales -- Las primeras polémicas sobre los costes sociales -- Los costes sociales de la contaminación del aire ... | ||
| 650 |
_aCostes sociales _940316 |
||
| 650 |
_aEmpresas privadas _940317 |
||
| 700 |
_aUdina Abelló, Santiago (traductor) _940318 |
||
| 942 |
_2ddc _cLIBROS |
||
| 945 |
_aacv _d2019-05-16 |
||